000 01042nam a22003377a 4500
001 8624
003 DO-SdBPM
005 20250604102207.0
007 8624
008 060308s1999 sp| | ||spa
020 _a8481301396
040 _aDO-SdBPM
_bspa
_cBPMSU
082 4 _a862.31
_bF422f 1999
_222
100 1 _aVega, Lope de
_d1562-1635
240 1 0 _aFuenteovejuna
_lItaliano-Español
245 1 0 _aFuente ovejuna /
_cLope de Vega ; prólogo Antonio Gala ; edición Francisco López Estrada
260 _aMadrid :
_bMilenium,
_c1999
300 _a120 p. ;
_c22 cm.
490 0 _aMilenium ;
_a Las 100 joyas de Milenium,
_v24
490 _aBiblioteca El milenium
590 _aInventariado, 2025/VM
650 4 _aTeatro español
_ySiglo XVII
650 4 _aNobleza
_vTeatro
_y
650 4 _aAristocracia
_vTeatro
651 _2
_3
700 1 _aGala, Antonio
_eprólogo
700 1 _aLópez Estrada, Francisco
_eedición
887 _2Biblioteca El milenium
910 _aVMateo V. Control de calida. BPMSU
942 _2ddc
_cBK
999 _c8572
_d8572